| 000 | 00778nam a22002177a 4500 | ||
|---|---|---|---|
| 999 |
_c7125 _d7125 |
||
| 003 | AR-CdUCM | ||
| 008 | 190319b ||||| |||| 00| 0 spa d | ||
| 040 |
_aMUNICIPALIDAD PROVINCIAL DEL CUSCO _cBIBLIOTECA MUNICIPAL DEL CUSCO |
||
| 082 |
_23ed. _a591.4 / _bM77 |
||
| 100 |
_aMontagna, William _920083 |
||
| 245 | _aAnatomía comparada / | ||
| 260 |
_aBarcelona : _bOmega, _c1973. |
||
| 300 |
_a379 paginas ; _c21 cm. |
||
| 505 | _aContenido :Las credenciales de los vertebrados -- Los cordados -- La piel -- El sistema muscular -- El sistema respiratorio ... | ||
| 650 |
_aAnatomía veterinaria _920084 |
||
| 650 |
_aAnatomía comparada _920085 |
||
| 650 |
_aEstudio y enseñanza _92610 |
||
| 700 |
_aFuste, Miguél (traductor) _920086 |
||
| 942 |
_2ddc _cLIBROS |
||
| 945 | _arum | ||